| 000 | 00563nam a22001817a 4500 | ||
|---|---|---|---|
| 008 | 230309b |||||||| |||| 00| 0 eng d | ||
| 020 | _a81-7992-297-9 | ||
| 040 |
_aNational Science Library _cNational Science Library |
||
| 080 |
_aD 025.3 _bP5 |
||
| 245 | _aManaging cataloging and the organization of information | ||
| 260 |
_aMumbai: _bJaico Publishing House, _c2005 |
||
| 300 | _axviii, 405p. | ||
| 650 | _aManaging cataloging | ||
| 653 | _aNational libraries | ||
| 653 | _aWorld libraries | ||
| 700 | _aCarter, Ruth C (Ed.) | ||
| 942 |
_2udc _cBK |
||
| 999 |
_c6785 _d6785 |
||